Фундаментальные и прикладные проблемы современной механики: доклады IV Всероссийской научной конференции, Томск, 5-7 октября 2004 г.

Détails bibliographiques
Collectivités auteurs: Российский фонд фундаментальных исследований, Российская академия ракетных и артиллерийских наук, Томский государственный университет (ТГУ) Научно-исследовательский институт прикладной математики и механики (НИИПММ), Фундаментальные и прикладные проблемы современной механики Всероссийская научная конференция
Résumé:Сборник содержит материалы докладов Всероссийской конференции, посвященной фундаментальным и прикладным проблемам современной механики. Материалы сгруппированы в соответствии с работавшими на конференции секциями: пленарные доклады; 1) горение и химическая газодинамика; 2) механика деформируемого твердого тела; 3) газодинамика многофазных течений; 4) динамика полета и небесная механика; 5) тепломассообмен и гидроаэромеханика. Для специалистов, работающих в перечисленных областях.
Langue:russe
Publié: Томск, Изд-во Томского ун-та, 2004
Sujets:
Format: Livre
KOHA link:https://koha.lib.tpu.ru/cgi-bin/koha/opac-detail.pl?biblionumber=83527

MARC

LEADER 00000nam0a2200000 4500
001 83527
005 20231031100224.0
010 |a 5751116054  |b 500 
020 |a RU  |b 05-65953  |9 Книжная летопись 
021 |a RU  |b 05-58361  |9 05-2855:05. 
035 |a (RuTPU)RU\TPU\book\89808 
090 |a 83527 
100 |a 20051018d2004 k y0rusy5002 ca 
101 0 |a rus 
102 |a RU 
105 |a a z 101zy 
200 1 |a Фундаментальные и прикладные проблемы современной механики  |e доклады IV Всероссийской научной конференции, Томск, 5-7 октября 2004 г.  |f Российский фонд фундаментальных исследований; Российская академия ракетных и артиллерийских наук; Томский государственный университет; Научно-исследовательский институт прикладной математики и механики при Томском университете 
210 |a Томск  |c Изд-во Томского ун-та  |d 2004 
215 |a 437 с.  |c ил.  |d 29 см. 
320 |a Библиогр. в конце докл. 
330 |a Сборник содержит материалы докладов Всероссийской конференции, посвященной фундаментальным и прикладным проблемам современной механики. Материалы сгруппированы в соответствии с работавшими на конференции секциями: пленарные доклады; 1) горение и химическая газодинамика; 2) механика деформируемого твердого тела; 3) газодинамика многофазных течений; 4) динамика полета и небесная механика; 5) тепломассообмен и гидроаэромеханика. Для специалистов, работающих в перечисленных областях. 
610 1 |a механика 
610 1 |a конференции 
610 1 |a горение 
610 1 |a химическая газодинамика 
610 1 |a деформируемые твердые тела 
610 1 |a многофазные течения 
610 1 |a газодинамика 
610 1 |a полеты 
610 1 |a динамика 
610 1 |a небесная механика 
610 1 |a тепломассообмен 
610 1 |a гидроаэромеханика 
610 1 |a Томск 
675 |a 531(063)  |v 3  |z rus 
712 0 2 |a Российский фонд фундаментальных исследований  |2 stltpush  |3 (RuTPU)RU\TPU\col\112 
712 0 2 |a Российская академия ракетных и артиллерийских наук  |2 stltpush  |3 (RuTPU)RU\TPU\col\3202 
712 0 2 |a Томский государственный университет (ТГУ)  |b Научно-исследовательский институт прикладной математики и механики (НИИПММ)  |2 stltpush  |3 (RuTPU)RU\TPU\col\2241 
712 1 2 |a Фундаментальные и прикладные проблемы современной механики  |b Всероссийская научная конференция  |c доклады  |d 4  |e Томск  |f 2004 
801 0 |a RU  |b RKP  |c 20051006  |g PSBO 
801 1 |a RU  |b 63413507  |c 20051018  |g PSBO 
801 2 |a RU  |b 63413507  |c 20121225  |g PSBO 
942 |c BK